000 00579nam a2200193 i 4500
001 94963
003 ES-MaACL
005 20230906181611.0
007 t|
008 050519s1911 fr ||||1| fre d
100 1 _aLugan, A.
_974648
245 1 0 _aBalmès /
_cA. Lugan.
260 _aParis :
_bA. Tralin,
_c1911.
300 _a201 p. ;
_c19 cm.
490 1 _aLa Penseé et l'Oevre sociale du Cristianisme. Etudes et Documents
830 0 _aLa Penseé et l'Oevre sociale du Cristianisme. Etudes et Documents
_9232170
852 _aES-MaACL
_jF-2937
999 _c94963
_d94963